000 00664nam a2200217Ii 4500
003 JO-AjNU
008 230606s9999||||xx |||||||||||||| ||und||
020 _a978-119-16555-2/978119266846
040 _aJO-AjNU
_beng
_erda
_cJO-AjNU
041 _aeng
050 1 4 _aHD30.4.S435 2016
100 3 _aSekaran, Uma, Roger Bougie ,
_eauthor
_95911
245 0 0 _aResearch Methods For Business
250 _a7 ed
264 3 1 _aUnited Kingdom:Willy, 2016
300 _a420p
_bIncludes bibliographical
336 _atext
_btxt
_2rdacontent
337 _aunmediated
_bn
_2rdamedia
338 _avolume
_bnc
_2rdacarrier
650 4 _aBusiness- Research- Methodology
_95912
999 _aE3067
_c3064
_d3064